000 00287nam a22001337a 4500
008 170530b xxu||||| |||| 00| 0 eng d
020 _a0312069723
041 _aeng
080 _a94
100 _a17
101 _aSHH
245 _aTHE BATTLE OF BOSWORTH
_cBENNETT,M
942 _2udc
_cBK
999 _c15080
_d15080